| 000 | 01858nam a2200229Ia 4500 | ||
|---|---|---|---|
| 003 | OSt | ||
| 005 | 20210409114255.0 | ||
| 008 | 210310s1990 ck gr 000 0 spa d | ||
| 020 | _a0 | ||
| 040 |
_aCO-JMCR _cCO-JMCR |
||
| 041 | _aspa | ||
| 082 | 0 | 4 |
_a343.03 / _bB562s _223 |
| 100 | 1 |
_aBetancourt Builes, Luis Enrique, _eautor _925533 |
|
| 245 | 1 | 0 |
_aSistema integral de ajustes por inflación en los estados financieros / _cLuis Enrique Betancourt Builes |
| 250 | _aPrimera edición | ||
| 260 |
_aBogotá : _bInstituto colombiano de derecho tributario, _c1990. |
||
| 300 |
_b40 páginas ; _c22 cm. |
||
| 505 | 0 | _aPresupuestos básicos. -- Naturaleza jurídica del sistema integral de ajustes por inflación. -- Vigencia del sistema de ajustes por inflación. -- Campo de aplicación del sistema de ajustes integrales por inflación. -- Sujetos incididos por los ajustes integrales por inflación. -- Partidas de los estados financieros ajustables y no ajustables por inflación. -- Determinación y cuantificación de los ajustes integrales por inflación en las partidas ajustables de los estados financieros. -- Efectos colaterales de los ajustes integrales por inflación. -- Causación de los efectos contables y fiscales de los ajustes integrales por inflación. -- Efectos económicos del sistema integral de ajustes por inflación en los estados financieros. -- Comparación en los efectos contables y fiscales de las diferentes clases de ajustes a los activos fijos. -- Régimen se sanciones por no aplicar el sistema integral de ajustes por inflación. -- Normas actualmente vigentes en materia de ajustes por inflación. -- Estrategias y planeación tributaria y financiera frente al sistema integral de ajustes por inflación. | |
| 650 | 1 | 4 |
_aAjustes por inflación _925535 |
| 650 | 2 | 4 |
_aEstados financieros. _936713 |
| 942 |
_2ddc _cBK |
||
| 999 |
_c11443 _d11443 |
||